Science Voyages : Earth Science

Kaydedildi:
Detaylı Bibliyografya
Yazar: Biggs, Alton
Materyal Türü: Kitap
Dil:Vietnamese
Baskı/Yayın Bilgisi: Glencoe/McGraw-Hill 2001
Etiketler: Etiketle
Etiket eklenmemiş, İlk siz ekleyin!
Thư viện lưu trữ: Mạng thư viện Đại học Đà Nẵng
LEADER 00624nam a2200253 4500
001 000021855
003 18303
005 20150423150419.0
008 150423s2001 viesd
020 |c 00 
041 0 |a vie 
082 1 4 |a 551,1  |b BI-A 
100 1 |a Biggs, Alton 
245 1 0 |a Science Voyages : Earth Science  |c Alton Biggs .. [et al.] 
260 |b Glencoe/McGraw-Hill  |c 2001 
300 |a tr.  |c cm. 
OWN |a LSP 
999 |a From the UDN01 
TYP |a Monograph 
TYP |a Printed language 
980 |a Mạng thư viện Đại học Đà Nẵng